Loading...
| Arts - Music | 2 | 10.00 | 50% | 50% | 0% |
| Arts - Other Arts | 6 | 11.67 | 50% | 33% | 33% |
| Arts - Painting | 2 | 15.00 | 100% | 50% | 0% |
| History - American | 1 | 10.00 | 100% | 0% | 0% |
| History - American History | 2 | 15.00 | 100% | 0% | 50% |
| History - European | 2 | 15.00 | 100% | 50% | 0% |
| History - Other History | 1 | 10.00 | 100% | 0% | 0% |
| History - World History | 7 | 15.71 | 71% | 57% | 29% |
| Literature - American Lit | 4 | 15.00 | 100% | 50% | 0% |
| Literature - British Lit | 3 | 13.33 | 100% | 0% | 33% |
| Literature - European Lit | 3 | 20.00 | 67% | 67% | 67% |
| Literature - World Lit | 2 | 20.00 | 100% | 100% | 0% |
| Mythology | 3 | 6.67 | 67% | 0% | 0% |
| Other - Geo/CE | 2 | 15.00 | 50% | 50% | 50% |
| Other Academic | 6 | 13.33 | 100% | 33% | 0% |
| Pop Culture | 3 | 16.67 | 100% | 33% | 33% |
| Religion | 5 | 14.00 | 80% | 40% | 20% |
| Science - Biology | 3 | 13.33 | 100% | 33% | 0% |
| Science - Chemistry | 3 | 10.00 | 33% | 67% | 0% |
| Science - Engineering | 1 | 10.00 | 0% | 100% | 0% |
| Science - Other Science | 3 | 10.00 | 67% | 33% | 0% |
| Science - Physics | 6 | 13.33 | 83% | 17% | 33% |
| Thought - Philosophy | 1 | 10.00 | 100% | 0% | 0% |
| Thought - Social Science | 6 | 8.33 | 50% | 0% | 33% |